[Event "Santa Cruz de Tenerife op"]
[Site "Santa Cruz de Tenerife"]
[Date "2016.08.08"]
[Round "1"]
[White "Alvarez Alonso, Alberto"]
[Black "Gonzalez Diaz, Eusebio"]
[Result "1-0"]
[WhiteElo "1876"]
[BlackElo "1280"]
[PlyCount "33"]
[EventDate "2016.08.08"]
[EventType "swiss"]
[EventRounds "9"]
[EventCountry "ESP"]
[SourceTitle "CBM 174 Extra"]
[Source "ChessBase"]
[SourceDate "2016.10.10"]
[SourceVersion "1"]
[SourceVersionDate "2016.10.10"]
[SourceQuality "1"]

1. e4 e5 2. Nf3 Nf6 3. Bc4 Bc5 4. c3 Nc6 5. d4 exd4 6. e5 d5 7. Bb5 Nd7 8. cxd4 Bb4+ 9. Nc3 0-0 10. 0-0 Ba5 11. Nxd5 Bb6 12. Bd3 f5 13. Ng5 Qe8 14. Bc4 Kh8 15. Be3 f4 16. Nxf4 Nd8 17. Bd3 1-0

[Event "Tenerife-chT Segunda 1516"]
[Site "Tenerife"]
[Date "2016.02.20"]
[Round "7.1"]
[White "Hernandez Perez, Javier"]
[Black "Gonzalez Diaz, Eusebio"]
[Result "1-0"]
[WhiteElo "1563"]
[BlackElo "1316"]
[PlyCount "55"]
[EventDate "2015.12.12"]
[EventType "team-tourn"]
[EventRounds "15"]
[EventCountry "ESP"]
[SourceTitle "EXT 2017"]
[Source "ChessBase"]
[SourceDate "2016.10.25"]
[SourceVersion "1"]
[SourceVersionDate "2016.10.25"]
[SourceQuality "1"]
[WhiteTeam "Benito"]
[BlackTeam "Circulo de Amistad II"]
[WhiteTeamCountry "ESP"]
[BlackTeamCountry "ESP"]

1. d4 Nf6 2. c4 c5 3. d5 d6 4. Nc3 Bf5 5. f3 h6 6. e4 Bh7 7. Bf4 Nbd7 8. Bd3 Nh5 9. Be3 Qb6 10. Rb1 Qa5 11. Nh3 Ne5 12. Be2 Nf6 13. 0-0 Nfd7 14. f4 Ng6 15. a3 0-0-0 16. Bd2 e6 17. Bg4 e5 18. b4 cxb4 19. axb4 Qb6+ 20. Kh1 Kb8 21. f5 Ne7 22. Qc1 Nf6 23. Be3 Qc7 24. Nb5 Qd7 25. Bxa7+ Kc8 26. Bf3 Nxf5 27. Bb6 Re8 28. Qa3 1-0

[Event "Santa Cruz de Tenerife op 26th"]
[Site "Santa Cruz de Tenerife"]
[Date "2015.12.17"]
[Round "3"]
[White "Nuevo Cabezas, Antonio"]
[Black "Gonzalez Diaz, Eusebio"]
[Result "0-1"]
[WhiteElo "1326"]
[BlackElo "1316"]
[PlyCount "119"]
[EventDate "2015.12.15"]
[EventType "swiss"]
[EventRounds "9"]
[EventCountry "ESP"]
[SourceTitle "CBM 170 Extra"]
[Source "ChessBase"]
[SourceDate "2016.02.25"]
[SourceVersion "1"]
[SourceVersionDate "2016.02.25"]
[SourceQuality "1"]

1. e4 e5 2. a3 Nf6 3. Nc3 Bc5 4. Qf3 d6 5. h3 a6 6. Bc4 b5 7. Ba2 c6 8. d3 Nbd7 9. Nge2 b4 10. Nd1 Qa5 11. Bd2 Qb5 12. Bc4 Qb6 13. a4 a5 14. g4 0-0 15. Ng3 d5 16. exd5 cxd5 17. Bb3 Bb7 18. 0-0 e4 19. Qf5 Qd6 20. g5 Qxg3+ 21. Kh1 g6 22. fxg3 gxf5 23. gxf6 e3 24. Kh2 exd2 25. Rxf5 Nb6 26. c3 Rae8 27. d4 Bd6 28. Kg2 Re2+ 29. Nf2 bxc3 30. bxc3 Nc4 31. Rf3 Ne3+ 32. Kh2 Re1 33. Nd1 Re8 34. Rf2 Nf1+ 35. Kg2 Nxg3 36. Rxd2 R1e2+ 37. Rxe2 Rxe2+ 38. Kf3 Re6 39. Ra2 Rxf6+ 40. Ke3 Nf5+ 41. Kd2 Bf4+ 42. Kc2 Ne3+ 43. Kb1 Rb6 44. Rb2 Nxd1 45. Bxd1 Rxb2+ 46. Kxb2 Kf8 47. Be2 Ke7 48. Bg4 Bc6 49. Bf3 Ke6 50. Kb3 Bd7 51. h4 Bd6 52. h5 h6 53. Be2 Ke7 54. Bd1 Kf6 55. Kc2 Kg5 56. Be2 Bg4 57. Bb5 Bxh5 58. c4 Bg6+ 59. Kc3 Be4 60. Bc6 0-1

[Event "Santa Cruz de Tenerife op 26th"]
[Site "Santa Cruz de Tenerife"]
[Date "2015.12.16"]
[Round "2"]
[White "Gonzalez Diaz, Eusebio"]
[Black "Brito Rodriguez, Cristian"]
[Result "0-1"]
[WhiteElo "1316"]
[BlackElo "1509"]
[PlyCount "72"]
[EventDate "2015.12.15"]
[EventType "swiss"]
[EventRounds "9"]
[EventCountry "ESP"]
[SourceTitle "CBM 170 Extra"]
[Source "ChessBase"]
[SourceDate "2016.02.25"]
[SourceVersion "1"]
[SourceVersionDate "2016.02.25"]
[SourceQuality "1"]

1. e4 c5 2. Nf3 a6 3. d4 cxd4 4. Nxd4 e5 5. Nb3 Nf6 6. Nc3 Bb4 7. Bd3 d5 8. Bd2 Bxc3 9. Bxc3 dxe4 10. Be2 Qxd1+ 11. Bxd1 Nc6 12. Nc5 0-0 13. 0-0 b5 14. Re1 Bf5 15. h3 a5 16. g4 Bg6 17. Re3 Nd4 18. b4 Nd5 19. Bxd4 exd4 20. Rxe4 Bxe4 21. Nxe4 Nxb4 22. a3 Nd5 23. Rb1 b4 24. Rb3 Rfe8 25. Bf3 Rad8 26. Rd3 Nf4 27. axb4 Nxd3 28. cxd3 axb4 29. Nd2 Rb8 30. Nb3 Rec8 31. Bd5 Rc3 32. Bc4 Rc8 33. Nd2 R8xc4 34. dxc4 b3 35. Kf1 b2 36. Ke1 Rxc4 0-1

[Event "Tenerife-ch"]
[Site "Tenerife"]
[Date "2015.04.22"]
[Round "5"]
[White "Mamani Beltran, Deniman"]
[Black "Gonzalez Diaz, Eusebio"]
[Result "0-1"]
[WhiteElo "1102"]
[BlackElo "1372"]
[PlyCount "46"]
[EventDate "2015.04.13"]
[EventType "swiss"]
[EventRounds "9"]
[EventCountry "ESP"]
[SourceTitle "CBM 166 Extra"]
[Source "ChessBase"]
[SourceDate "2015.06.18"]
[SourceVersion "1"]
[SourceVersionDate "2015.06.18"]
[SourceQuality "1"]

1. e4 e5 2. Nf3 Nc6 3. Bc4 Bc5 4. 0-0 Nf6 5. Ng5 d5 6. Bd3 h6 7. Nf3 dxe4 8. Nxe5 Nxe5 9. Bb5+ c6 10. Be2 Bf5 11. Nc3 Qd4 12. a3 a6 13. b4 Ba7 14. h3 Qd7 15. a4 Bxh3 16. gxh3 Qxh3 17. b5 Neg4 18. Bxg4 Nxg4 19. Qxg4 Qxg4+ 20. Kh1 Qh3+ 21. Kg1 Qg3+ 22. Kh1 Bxf2 23. Nxe4 Qh3# 0-1

[Event "Tenerife-ch"]
[Site "Tenerife"]
[Date "2015.04.20"]
[Round "4"]
[White "Gonzalez Diaz, Eusebio"]
[Black "Garcia Lorenzo, Jaime"]
[Result "0-1"]
[WhiteElo "1372"]
[BlackElo "1273"]
[PlyCount "86"]
[EventDate "2015.04.13"]
[EventType "swiss"]
[EventRounds "9"]
[EventCountry "ESP"]
[SourceTitle "CBM 166 Extra"]
[Source "ChessBase"]
[SourceDate "2015.06.18"]
[SourceVersion "1"]
[SourceVersionDate "2015.06.18"]
[SourceQuality "1"]

1. e4 e6 2. d4 d5 3. Nd2 dxe4 4. Nxe4 Nf6 5. Nxf6+ Qxf6 6. Nf3 h6 7. c3 a6 8. Be3 Nd7 9. Bd3 Bd6 10. Qd2 Nb6 11. c4 Nd7 12. c5 Be7 13. 0-0 e5 14. Be4 c6 15. Qc3 Qe6 16. Nxe5 Nxe5 17. dxe5 f5 18. Bc2 0-0 19. f4 Qg6 20. Rf3 Be6 21. Bb3 Bxb3 22. Qxb3+ Kh8 23. Qxb7 Qe6 24. Qb4 Rab8 25. Qc3 Rb5 26. a4 Rb3 27. Qc1 Rb4 28. Rf2 Rc4 29. Rc2 Re4 30. Ra3 a5 31. b3 g5 32. g3 gxf4 33. Bxf4 Rd4 34. Rc4 Rd5 35. Qc3 Rfd8 36. Kg2 Bg5 37. Qxa5 Bxf4 38. gxf4 Qg6+ 39. Kf2 Rd2+ 40. Qxd2 Rxd2+ 41. Ke3 Rxh2 42. Rc3 Qg3+ 43. Kd4 Qxf4+ 0-1

[Event "Santa Cruz de Tenerife Primavera op"]
[Site "Santa Cruz de Tenerife"]
[Date "2015.03.19"]
[Round "5"]
[White "Gonzalez Diaz, Eusebio"]
[Black "Rodriguez Redondo, Ethan"]
[Result "0-1"]
[WhiteElo "1372"]
[BlackElo "1765"]
[PlyCount "88"]
[EventDate "2015.03.10"]
[EventType "swiss"]
[EventRounds "9"]
[EventCountry "ESP"]
[SourceTitle "CBM 165 Extra"]
[Source "ChessBase"]
[SourceDate "2015.04.21"]
[SourceVersion "1"]
[SourceVersionDate "2015.04.21"]
[SourceQuality "1"]

1. e4 e5 2. Nf3 Nf6 3. d4 Nxe4 4. dxe5 d5 5. Bd3 Nc5 6. Bf4 Bg4 7. h3 Bh5 8. Be2 Be7 9. Nbd2 Ne6 10. Bh2 Nd7 11. g4 Bg6 12. Nb3 c6 13. Qd2 Be4 14. Nbd4 Nxd4 15. Qxd4 Bc5 16. Qc3 Qb6 17. 0-0-0 Bb4 18. Qe3 Qxe3+ 19. fxe3 0-0 20. Rhf1 Bxf3 21. Rxf3 Rae8 22. c4 Nxe5 23. Bxe5 Rxe5 24. cxd5 cxd5 25. Rd3 Bc5 26. Rb3 b6 27. Kd2 Rfe8 28. a3 d4 29. Bc4 dxe3+ 30. Ke2 R8e7 31. Rd3 g6 32. b4 b5 33. Rd8+ Kg7 34. Bxb5 Bxb4 35. a4 Bd2 36. Rd6 Rc5 37. Rc6 Rce5 38. Rcf6 Re4 39. Bc6 Rd4 40. R6f4 Rd6 41. Bb5 Bc1 42. Bd3 Red7 43. Rxe3 Bxe3 44. Bb5 Bxf4 0-1

[Event "Santa Cruz de Tenerife Primavera op"]
[Site "Santa Cruz de Tenerife"]
[Date "2015.03.12"]
[Round "2"]
[White "Perez Perez, Gabriel"]
[Black "Gonzalez Diaz, Eusebio"]
[Result "1-0"]
[WhiteElo "1599"]
[BlackElo "1372"]
[PlyCount "43"]
[EventDate "2015.03.10"]
[EventType "swiss"]
[EventRounds "9"]
[EventCountry "ESP"]
[SourceTitle "CBM 165 Extra"]
[Source "ChessBase"]
[SourceDate "2015.04.21"]
[SourceVersion "1"]
[SourceVersionDate "2015.04.21"]
[SourceQuality "1"]

1. e4 b6 2. d4 Bb7 3. Nd2 e6 4. Bd3 d5 5. e5 c5 6. c3 Nd7 7. f4 Ne7 8. Ne2 f5 9. Nf3 h6 10. 0-0 Ng6 11. g4 Nh4 12. Nxh4 Qxh4 13. gxf5 Qg4+ 14. Ng3 h5 15. Qxg4 hxg4 16. fxe6 Nb8 17. Bg6+ Kd8 18. f5 Be7 19. f6 gxf6 20. exf6 Nc6 21. fxe7+ Nxe7 22. Bg5 1-0

[Event "Tenerife-chT Primera"]
[Site "Tenerife"]
[Date "2015.01.24"]
[Round "1.3"]
[White "Reyes Sanchez, Francisco Javier"]
[Black "Gonzalez Diaz, Eusebio"]
[Result "1/2-1/2"]
[WhiteElo "1629"]
[BlackElo "1413"]
[PlyCount "77"]
[EventDate "2015.01.24"]
[EventType "swiss"]
[EventRounds "14"]
[EventCountry "ESP"]
[SourceTitle "EXT 2024"]
[Source "ChessBase"]
[SourceDate "2023.10.10"]
[SourceVersion "1"]
[SourceVersionDate "2023.10.10"]
[SourceQuality "1"]
[WhiteTeam "Valledrez"]
[BlackTeam "Circulo de Amistad XII Enero"]
[WhiteTeamCountry "ESP"]
[BlackTeamCountry "ESP"]

1. d4 Nf6 2. e3 c5 3. Nf3 g6 4. Bd3 d5 5. 0-0 Nbd7 6. b3 Bg7 7. Bb2 Qc7 8. Nbd2 0-0 9. Rc1 Qa5 10. a3 e6 11. c4 Qd8 12. Ne5 Nxe5 13. dxe5 Nd7 14. f4 f5 15. cxd5 exd5 16. Qf3 Nb6 17. Rxc5 Be6 18. Rfc1 Rf7 19. Qf1 Nd7 20. Nf3 Nxc5 21. Rxc5 Qb6 22. b4 Bf8 23. Bd4 Bxc5 24. Bxc5 Qc6 25. Nd4 Qc8 26. Nb5 Rd7 27. Nd6 Rxd6 28. exd6 b6 29. Bd4 Qc6 30. Be5 Rc8 31. Bb5 Qc1 32. Qxc1 Rxc1+ 33. Kf2 Kf7 34. d7 Bxd7 35. Bxd7 Ke7 36. Ba4 Rc4 37. Bb2 a6 38. Bb3 Rc6 39. Kf3 1/2-1/2

[Event "Santa Cruz de Tenerife Autumn op"]
[Site "Santa Cruz de Tenerife"]
[Date "2014.11.12"]
[Round "8"]
[White "Bernardez Gonzalez, Roberto"]
[Black "Gonzalez Diaz, Eusebio"]
[Result "1-0"]
[WhiteElo "1420"]
[BlackElo "1440"]
[PlyCount "80"]
[EventDate "2014.10.27"]
[EventType "swiss"]
[EventRounds "9"]
[EventCountry "ESP"]
[SourceTitle "CBM 163 Extra"]
[Source "ChessBase"]
[SourceDate "2014.12.23"]
[SourceVersion "1"]
[SourceVersionDate "2014.12.23"]
[SourceQuality "1"]

1. d4 e6 2. Nf3 d5 3. Bf4 Bd6 4. Bg3 Ne7 5. e3 Nbc6 6. Nbd2 Nf5 7. Bxd6 Nxd6 8. c3 Bd7 9. Bd3 a6 10. Qc2 f5 11. a3 b5 12. Nb3 Nb7 13. Nfd2 Nd6 14. 0-0 Qe7 15. Nc5 Bc8 16. Rfe1 0-0 17. f3 Rf6 18. e4 fxe4 19. fxe4 Rh6 20. exd5 Qh4 21. Nf3 Qg4 22. dxc6 Nf5 23. Bxf5 exf5 24. Qe2 Qg6 25. Qe8+ Qxe8 26. Rxe8+ Kf7 27. Rae1 Rxc6 28. Ne5+ Kxe8 29. Nxc6+ Kf7 30. Re7+ Kf6 31. Rxc7 f4 32. Ne7 Bg4 33. Nd5+ Kg6 34. Rc6+ Kg5 35. Ne6+ Bxe6 36. Rxe6 Kf5 37. Re5+ Kg4 38. h3+ Kh4 39. Nxf4 g5 40. Ne2 h5 1-0

[Event "Santa Cruz de Tenerife Autumn op"]
[Site "Santa Cruz de Tenerife"]
[Date "2014.10.27"]
[Round "1"]
[White "Ramos Aguilar, Jose Manuel"]
[Black "Gonzalez Diaz, Eusebio"]
[Result "1-0"]
[WhiteElo "2103"]
[BlackElo "1440"]
[PlyCount "45"]
[EventDate "2014.10.27"]
[EventType "swiss"]
[EventRounds "9"]
[EventCountry "ESP"]
[SourceTitle "CBM 163 Extra"]
[Source "ChessBase"]
[SourceDate "2014.12.23"]
[SourceVersion "1"]
[SourceVersionDate "2014.12.23"]
[SourceQuality "1"]

1. Nf3 Nf6 2. c4 g6 3. Nc3 Bg7 4. e4 d6 5. d4 Nbd7 6. h3 0-0 7. Bg5 c6 8. Be2 Re8 9. e5 dxe5 10. dxe5 Nxe5 11. Nxe5 Qa5 12. Bxf6 Bxf6 13. Ng4 Bg7 14. 0-0 f5 15. Ne3 f4 16. Ng4 h5 17. Nh2 Bf5 18. Re1 Rad8 19. Qb3 Qc7 20. c5+ Kh7 21. Nf3 Bf6 22. Bc4 e5 23. Ne4 1-0

[Event "Santa Cruz de Tenerife Verano op"]
[Site "Santa Cruz de Tenerife"]
[Date "2014.08.25"]
[Round "1"]
[White "Gonzalez Diaz, Eusebio"]
[Black "Hernandez Leon, Sergio"]
[Result "0-1"]
[WhiteElo "1448"]
[BlackElo "2081"]
[PlyCount "91"]
[EventDate "2014.08.25"]
[EventType "swiss"]
[EventRounds "9"]
[EventCountry "ESP"]
[SourceTitle "CBM 162 Extra"]
[Source "ChessBase"]
[SourceDate "2014.10.17"]
[SourceVersion "1"]
[SourceVersionDate "2014.10.17"]
[SourceQuality "1"]

1. e4 c5 2. Nf3 e6 3. d4 cxd4 4. Nxd4 a6 5. Be3 Nf6 6. Nc3 Qc7 7. Bd3 Bb4 8. Qd2 Nc6 9. a3 Be7 10. f3 b5 11. b4 Bb7 12. 0-0 Rc8 13. Nde2 0-0 14. Rac1 Rfd8 15. f4 Ng4 16. Nd1 d5 17. e5 f5 18. exf6 Nxf6 19. Ng3 Bd6 20. Qe2 Qf7 21. Nf2 g6 22. Ng4 Nxg4 23. Qxg4 Kh8 24. c3 Bf8 25. Ne2 Bg7 26. Nd4 Nxd4 27. Bxd4 Rd7 28. h4 Bxd4+ 29. cxd4 Qf6 30. f5 gxf5 31. Rxc8+ Bxc8 32. Bxf5 exf5 33. Rxf5 Rg7 34. Rxf6 Rxg4 35. Rf8+ Rg8 36. Rf6 Rd8 37. h5 Kg7 38. Rc6 Kf7 39. Rc7+ Bd7 40. Ra7 Ke6 41. Rxa6+ Kf5 42. Rd6 Ke4 43. Rh6 Bf5 44. Rb6 Ra8 45. Rxb5 Rxa3 46. Rc5 0-1

[Event "Tenerife Navidad op 24th"]
[Site "Tenerife"]
[Date "2013.12.23"]
[Round "7"]
[White "Gonzalez Diaz, Eusebio"]
[Black "De Castro de Leon, Jorge"]
[Result "0-1"]
[WhiteElo "1456"]
[BlackElo "1541"]
[PlyCount "114"]
[EventDate "2013.12.13"]
[EventType "swiss"]
[EventRounds "9"]
[EventCountry "ESP"]
[SourceTitle "CBM 158 Extra"]
[Source "ChessBase"]
[SourceDate "2014.02.28"]
[SourceVersion "1"]
[SourceVersionDate "2014.02.28"]
[SourceQuality "1"]

1. Nf3 c5 2. g3 d5 3. Bg2 Nc6 4. 0-0 Nf6 5. d4 e6 6. Re1 Bd6 7. c3 0-0 8. Nbd2 b6 9. e4 dxe4 10. Nxe4 Nxe4 11. Rxe4 Bb7 12. Rg4 f5 13. Bg5 Qe8 14. Rh4 h6 15. Bxh6 gxh6 16. Rxh6 Kg7 17. Rh4 Rh8 18. Qd2 Qe7 19. dxc5 bxc5 20. Rc4 Ne5 21. Nxe5 Bxg2 22. Kxg2 Bxe5 23. f4 Qb7+ 24. Kg1 Rad8 25. Qe2 Bf6 26. Rxc5 Qb6 27. Qf2 Rd2 28. Rc7+ Qxc7 29. Qxd2 Qc5+ 30. Kg2 Rd8 31. Qe2 Qd5+ 32. Kg1 Be7 33. Qe5+ Qxe5 34. fxe5 Rd2 35. b4 Bg5 36. a4 f4 37. h4 Bh6 38. g4 Kg6 39. Rf1 Re2 40. g5 Bxg5 41. hxg5 Kxg5 42. Rf3 Rxe5 43. Kf2 Rd5 44. Ke2 e5 45. Rf1 e4 46. c4 Rd4 47. Rc1 Kf5 48. a5 e3 49. b5 Rd2+ 50. Ke1 Rh2 51. Rd1 f3 52. Rd5+ Ke4 53. Kd1 Rh1+ 54. Kc2 f2 55. Rd7 f1Q 56. Re7+ Kd4 57. Rd7+ Kc5 0-1